logo

Bir Sreshtho Munshi Abdur Rouf Library
Jhenaidah Cadet College

অর্থনৈতিক উদ্ভিদবিদ্যা / (Record no. 4782)

MARC details
000 -LEADER
fixed length control field 00772nam a2200241 a 4500
001 - CONTROL NUMBER
JCCL Control Number 4782
003 - CONTROL NUMBER IDENTIFIER
JCCL marc code BD-JhCC
005 - DATE AND TIME OF LATEST TRANSACTION
control field 20201209134020.0
008 - FIXED-LENGTH DATA ELEMENTS--GENERAL INFORMATION
fixed length control field 171203s1994 bg a|||| |||| 000 0 ben d
020 ## - INTERNATIONAL STANDARD BOOK NUMBER
International Standard Book Number 9840730576
035 ## - SYSTEM CONTROL NUMBER
system control number (BD-JhCC) 4782
040 ## - CATALOGING SOURCE
Original cataloging agency BD-JhCC
Modifying agency BD-JhCC
041 ## - LANGUAGE CODE
Language code of Book ben
082 ## - DEWEY DECIMAL CLASSIFICATION NUMBER
Classification number 581.6
Author mark and Year AZA 1994
100 ## - MAIN ENTRY--PERSONAL NAME
Personal name আজাদ, মো: আবুল কালাম
245 ## - TITLE STATEMENT
Title অর্থনৈতিক উদ্ভিদবিদ্যা /
Statement of responsibility, etc মো: আবুল কালাম আজাদ
260 ## - PUBLICATION, DISTRIBUTION, ETC. (IMPRINT)
Place of publication, distribution, etc ঢাকা :
Name of publisher, distributor, etc বাংলা একাডেমী,
Date of publication, distribution, etc ১৯৯৪.
300 ## - PHYSICAL DESCRIPTION
Pagination ৩২৭ পৃ. :
Other physical details ill. ;
Dimensions ২২সেমি.
650 ## - SUBJECT ADDED ENTRY--TOPICAL TERM
Topical term or geographic name as entry element Botany
650 ## - SUBJECT ADDED ENTRY--TOPICAL TERM
Topical term or geographic name as entry element Economic Botany
942 ## - ADDED ENTRY ELEMENTS (KOHA)
Source of classification or shelving scheme Dewey Decimal Classification
Koha item type Books
Koha issues (borrowed), all copies 2
Holdings
Source of classification or shelving scheme Damaged status Not for loan Home library Current library Shelving location Date of accession Cost, normal purchase price Total Checkouts Full call number Barcode Date last seen Date checked out Copy number Koha item type
Dewey Decimal Classification     JCC Rouf Library JCC Rouf Library General Stacks 12/03/2017 120.00 1 581.6 AZA 1994 6710 03/29/2021 12/08/2020 C-1 Books

JCC Library | Contacts | JCC Home

Last Update on 23 September 2017
Copyright @ 2017-2020 JCC Rouf Library
Rouf Library, Jhenidah Cadet College (JCC), Bangladesh